000 01883nam a22002537a 4500
003 Uzh_bibl
008 260424b |||||||| |||| 00| 0 ukr d
020 _a80-08-01692-2
_c6.33
040 _aукр.
041 _2ukr
_aukr
080 _a821(477)
090 _a821(477)
_bО-56
100 _aОльжич, Олег
245 _aЦитаделя духа
_cУпоряд. та вступ. ст. М. Неврлого
_hТекст
260 _aБратислава
_bСловацьке педагогічне видавництво в Братиславі відділ української літератури в Пряшеві Фундація ім. О. Ольжича в Лондоні
_c1991
300 _a268 с.
_fВ опр.
520 _aПовне зібрання творів поета, уривки із спогадів і праць про нього, бібліографія й фотоматеріали. Впорядкування, передне слово й примітки Миколи Неврлого.
521 _aДля широкого кола читачів
546 _aукр.
650 _aЛітературно-художнє видання
_yУмовно — різні історичні епохи (від давнини до ХХ ст.), а таЧас самого автора (перша половина ХХ ст.). Час у поезіях часто символічний
_zНе має конкретного місця — це поетичні твори, тому простір узагальнений: Україна, Європа, історичні й духовні «простори» боротьби та культури
653 _aДух
_a Боротьба
_aНація
_aГероїзм
_aІсторія
655 _aПоезія (лірика, збірка віршів)
_v[Поезія]
942 _2udc
_cBK
999 _c17514
_d17514